Antologia palatina : epigrammi erotici : libro 5. e libro 12. /

Salvato in:
Dettagli Bibliografici
Altri autori: Paduano, Guido
Natura: Libro
Lingua:italiano
Lingua greca antica
Pubblicazione: Milano : Fabbri, 2001
Serie:I grandi classici latini e greci
Tags: Aggiungi Tag
Nessun Tag, puoi essere il primo ad aggiungerne!!

MARC

LEADER 00000nam a22000007i 4500
001 IT\ICCU\PUV\0822785
003 ItRI
005 20250921135248.0
008 020411s2001 it |||||| ||||| |||||c
040 |b ita  |c ct 
041 7 |a ita  |a grc  |2 ISO-639-2 
130 0 |a Anthologia Graeca 
245 0 0 |a Antologia palatina :  |b epigrammi erotici : libro 5. e libro 12. /  |c introduzione, traduzione e note di Guido Paduano. 
260 |a Milano :  |b Fabbri,  |c 2001 
300 |a 367 p., [2] c. di tav. :  |b ill. ;  |c 19 cm 
500 |a Testo originale a fronte. 
700 1 |a Paduano, Guido  |0 IT\ICCU\CFIV\039104 
830 2 |a I grandi classici latini e greci  |0 IT\ICCU\LO1\0358889 
942 |2 ddc  |c BK 
952 |0 0  |1 0  |2 ddc  |4 0  |6 B_LCL02PADGUANT11  |7 0  |9 7054  |a MI  |b MI  |d 2009-09-11  |i 5602  |l 0  |o B-LCL02-PADGU-ANT11  |p CDOM5602  |r 2025-07-13 16:28:00  |w 2025-07-13  |x ACQUISTO  |y BK 
981 1 |6 z01  |a i   |b xxxe  
982 1 |6 z01  |a n 
999 |c 5766  |d 5766